000 01083nam a22002177a 4500
999 _c63070
_d63070
003 Ge_BSU
005 20250529102127.0
008 250529s2019 ge ||||| |||| 00| 0 geo d
020 _a9789941815140
041 _ageo
080 _a159.964.2 ფ-94
100 _aფრომი, ერიხ
_911883
245 _aადამიანის კეთილი და ბოროტი სული /
_cერიხ ფრომი; მთარგმნელები: ნინა თურმანიძე, ლაშა ბულია; რედაქტორი თამაზ თურმანიძე.
264 _aთბილისი :
_bგეო,
_c2019.
300 _a164 გვ. ;
_b 20 სმ.
653 _aფსიქოანალიზი
700 _aთურმანიძე, ნინა
_eმთარგმნელი
_925167
700 _aბულია, ლაშა
_eმთარგმნელი
_911893
700 _aთურმანიძე, თამაზ
_eრედაქტორი
_911865
942 _2udc
_cᲬᲘᲒᲜᲘ